Normal view
MARC view
- Faleiro, Sonia ,editor
Entry Personal Name
001 - CONTROL NUMBER
- control field: 28
003 - CONTROL NUMBER IDENTIFIER
- control field: OSt
005 - DATE AND TIME OF LATEST TRANSACTION
- control field: 20250728121800.0
008 - FIXED-LENGTH DATA ELEMENTS
- fixed length control field: 250728|| aca||aabn | a|a d
040 ## - CATALOGING SOURCE
- Original cataloging agency: OSt
- Transcribing agency: OSt
100 ## - HEADING--PERSONAL NAME
- Personal name: Faleiro, Sonia ,editor
670 ## - SOURCE DATA FOUND
- Source citation: Work cat.: (OSt)750636: How i write :, , 2024
